000 00284nam a22001337a 4500
008 190226b xxu||||| |||| 00| 0 eng d
020 _a0883635909
041 _aeng
080 _a701
100 _a44
101 _aART
245 _aAmerican Painting
_cGoddard,D
942 _2udc
_cBK
999 _c54296
_d54296